banner-ar

لحن كرويتزر / (Record no. 40159)

MARC details
000 -الفاتح
حقل البيانات ثابتة الطول 00484nam a2200181Ia 4500
008 - عناصر البيانات ثابتة الطول - معلومات عامة
حقل البيانات ثابتة الطول 140319s9999 xx 000 0 ara d
040 ## - مصدر الفهرسة
وكالة الفهرسة الأصلية GCL /
وكالة النسخ GCL
082 04 - رقم تصنيف ديوى العشرى
رقم التصنيف 891.7
رقم المادة ت ل
100 1# - المدخل الرئيسى - إسم شخصى
الإسم الشخصى سامى الدروبى (مترجم)
245 10 - بيان العنوان
العنوان لحن كرويتزر /
بيان المسئوليه,etc سامى الدروبى (مترجم)
700 1# - المدخل الاضافى - اسم شخصى
الإسم الشخصى تولستوى، ليو
300 ## - الوصف المادى
التعداد 203 ص
490 ## - بيان السلسلة
عنوان السلسلة
650 04 - المدخل الاضافى بالموضوع-مصطلح موضوعى
مصطلح موضوعي الادب
650 04 - المدخل الاضافى بالموضوع-مصطلح موضوعى
مصطلح موضوعي الادب الروسى
942 ## - عناصر المدخل الإضافي( كوها)
مصدر التصنيف او مخطط الترفيف Dewey Decimal Classification
Koha [default] item type كتاب
Holdings
حالة التراجع حالة الفقد حالة تلف ليس للاعارة المكان المؤقت الموقع الحالى تاريخ الاكتساب اجمالي اﻻعارات رقم الطلب الباركود تاريخ اخر مشاهدة تاريخ تفعيل السعر نوع وعاء كوها
        مكتبة القاهرة الكبرى مكتبة القاهرة الكبرى 03/26/2014   891.7\ت ل 97561 03/26/2014 03/26/2014 كتاب

Powered By

EGPV